| 000 | 00650nam a22001817a 4500 | ||
|---|---|---|---|
| 003 | OSt | ||
| 005 | 20180116183054.0 | ||
| 008 | 160902b xxu||||| |||| 00| 0 eng d | ||
| 020 | _a0 | ||
| 040 | _c0 | ||
| 082 | _a657 ACC 2016 | ||
| 100 | _aACCA The Association of Chartered Certfied Accoutants | ||
| 245 |
_aPaper P6 Advaqnced Taxation FA15 (ATX): _bExam Kit Valid for September 2016, December 2016 and March 2017 Examination Sitings _cACCA The Association of Chartered Certfied Accoutants |
||
| 260 |
_aGreat Britain _bKaplan Publishing _c2016 |
||
| 300 |
_a718 p. _bPB |
||
| 440 | _aPaper P6 Advaqnced Taxation FA15 (ATX): | ||
| 942 |
_2ddc _cBK |
||
| 999 |
_c351738 _d351738 |
||